Despertador christiano quadragesimal, de sermones doctrinales para todos los días de la quaresma, ...

Detalles Bibliográficos
Autor principal: BARCIA Y ZAMBRANA, José de
Formato: Libro
Publicado: Madrid 1727
Materias:
Colección:Banco de datos
Acervo:Biblioteca del Ex Convento de Nuestra Señora de Guadalupe. Zacatecas
Descripción Física:t. III
Tema general:Homilética
Notas:Regular. X,13,25 (3435)
LEADER 00768nam a22002050004500
035 |a 46710 
036 |a 7894 
100 1 |a BARCIA Y ZAMBRANA, José de 
245 1 0 |a Despertador christiano quadragesimal, de sermones doctrinales para todos los días de la quaresma, ... 
260 |a Madrid  |b ed. Francisco Laso, imp. Alonso Balvás  |c 1727 
300 |a t. III 
500 |a Regular. X,13,25 (3435) 
650 1 0 |a Homilética 
949 |a CRZ-CG 
959 |a Ex convento de Nuestra Señora de Guadalupe, Museo Regional de Zacatecas, Zacatecas  |b CCC4 
960 |a Convento de Nuestra Señora de Guadalupe, Zacatecas  |b DD87 
961 |a Franciscana  |b OF 
942 |c CRZ-CG 
943 |g Biblioteca del Ex Convento de Nuestra Señora de Guadalupe. Zacatecas 
999 |c 970837  |d 970837